[Event "Amager Klubmesterskab 2011"]
[Site "Sundbyoster"]
[Date "2011.02.15"]
[Round "3"]
[White "Dupont, Michael Kim"]
[Black "Larsen, Ulrik Jejlskov"]
[Result "1/2-1/2"]
[WhiteElo "1159"]
[BlackElo "1517"]
[PlyCount "41"]
[EventDate "2011.??.??"]

1. e4 d5 2. exd5 Nf6 3. Nf3 Qxd5 4. Nc3 Qa5 5. Bc4 Bf5 6. Nd4 Qe5+ 7. Nce2 Bg6
8. d3 e6 9. Bf4 Qa5+ 10. Qd2 Bb4 11. c3 Be7 12. Nb5 Na6 13. Ned4 Rd8 14. b4 Qb6
15. a4 Rxd4 16. Nxd4 c6 17. a5 Qd8 18. Bxa6 bxa6 19. Nxc6 Qd5 20. Nxe7 Qxg2 21.
O-O-O 1/2-1/2

[Event "Amager Klubmesterskab 2011"]
[Site "Sundbyoster"]
[Date "2011.02.15"]
[Round "3"]
[White "Friis, Jordy"]
[Black "Larsen, Kim"]
[Result "1-0"]
[WhiteElo "1530"]
[BlackElo "1544"]
[PlyCount "73"]
[EventDate "2011.??.??"]

1. e4 e6 2. d4 d5 3. Nc3 Bb4 4. Bd3 dxe4 5. Bxe4 Nf6 6. Bf3 c6 7. Nge2 O-O 8.
O-O Re8 9. Bf4 Nbd7 10. a3 Bxc3 11. Nxc3 Nd5 12. Nxd5 exd5 13. Qd3 Nf6 14. Rfe1
Bg4 15. Bg5 Rxe1+ 16. Rxe1 Qd6 17. Bxf6 Bxf3 18. Be5 Qe6 19. Qxf3 f6 20. Kf1
Re8 21. Re3 fxe5 22. Rxe5 Qf7 23. Qxf7+ Kxf7 24. Rxe8 Kxe8 25. f4 Ke7 26. Ke2
Ke6 27. g4 h6 28. h4 Kf6 29. f5 g6 30. fxg6 Kxg6 31. Kf3 h5 32. a4 a5 33. Kf4
hxg4 34. Kxg4 b5 35. b3 Kf6 36. h5 b4 37. Kf4 1-0

[Event "Amager Klubmesterskab 2011"]
[Site "Sundbyoster"]
[Date "2011.02.15"]
[Round "3"]
[White "Gade, Jens"]
[Black "Bekker Jensen, Morten Breinholdt"]
[Result "0-1"]
[WhiteElo "1237"]
[BlackElo "1890"]
[PlyCount "68"]
[EventDate "2011.??.??"]

1. f4 d5 2. Nf3 c5 3. e3 Nc6 4. Be2 Nf6 5. O-O e6 6. Ne5 Qc7 7. d4 cxd4 8. exd4
Nxd4 9. c3 Nc6 10. Kh1 Bd6 11. Nxc6 bxc6 12. Be3 O-O 13. Nd2 Rb8 14. Qc2 c5 15.
Rab1 Bd7 16. b3 Rfc8 17. Rbc1 e5 18. fxe5 Bxe5 19. Nf3 Bf4 20. Bxf4 Qxf4 21.
Ng1 Qd6 22. Qd2 Re8 23. Bf3 Ne4 24. Bxe4 Rxe4 25. Nf3 f6 26. Rcd1 Bc6 27. Rfe1
Rbe8 28. Rxe4 Rxe4 29. Qd3 Qe7 30. h3 Re3 31. Qa6 Qb7 32. Qxb7 Bxb7 33. c4 d4
34. Re1 Bxf3 0-1

[Event "Amager Klubmesterskab 2011"]
[Site "Sundbyoster"]
[Date "2011.02.15"]
[Round "3"]
[White "Johansen, Erik"]
[Black "Brorsen, Kristian"]
[Result "1-0"]
[WhiteElo "1589"]
[BlackElo "1200"]
[PlyCount "25"]
[EventDate "2011.??.??"]

1. e4 c5 2. Nf3 g6 3. d4 e6 4. d5 Nf6 5. Nc3 exd5 6. exd5 Qe7+ 7. Be2 Bg7 8. d6
Qe6 9. Nb5 Nd5 10. c4 Kd8 11. cxd5 Qg4 12. O-O f6 13. Ne5 1-0

[Event "Amager Klubmesterskab 2011"]
[Site "Sundbyoster"]
[Date "2011.02.15"]
[Round "3"]
[White "Kinch, Peder"]
[Black "Madsen, Palle"]
[Result "0-1"]
[WhiteElo "1228"]
[BlackElo "1882"]
[PlyCount "40"]
[EventDate "2011.??.??"]

1. f4 e5 2. fxe5 d6 3. exd6 Bxd6 4. Nf3 Nc6 5. e3 Bg4 6. Be2 Nf6 7. O-O Qd7 8.
Nc3 O-O-O 9. b3 h5 10. Qe1 Rde8 11. a3 Rh6 12. b4 Ne5 13. d4 Nxf3+ 14. Bxf3
Bxf3 15. Rxf3 Rg6 16. g3 h4 17. Ne2 Qg4 18. Qf2 Ne4 19. Qg2 Ng5 20. Nf4 Nxf3+
0-1

[Event "Amager Klubmesterskab 2011"]
[Site "Sundbyoster"]
[Date "2011.02.15"]
[Round "3"]
[White "Larsen, Knud"]
[Black "Carstensen, Jacob"]
[Result "0-1"]
[WhiteElo "1678"]
[BlackElo "2325"]
[PlyCount "64"]
[EventDate "2011.??.??"]

1. e4 e6 2. d4 d5 3. e5 c5 4. c3 Qb6 5. Nf3 Nc6 6. Bd3 cxd4 7. cxd4 Bd7 8. Bc2
Nb4 9. O-O Nxc2 10. Qxc2 Ne7 11. Nc3 Rc8 12. Be3 Nf5 13. a3 Be7 14. Rac1 O-O
15. g4 Nxe3 16. fxe3 Bb5 17. Rfd1 Qa6 18. Qd2 Bc4 19. g5 b5 20. b4 Qxa3 21. Ra1
Qxb4 22. Rxa7 Ra8 23. Rb7 Rfb8 24. Rxb8+ Rxb8 25. Ra1 Qb3 26. Nb1 Bb4 27. Qf2
Qd1+ 28. Kg2 Bd3 29. Nfd2 Bxd2 30. Qxd2 Be4+ 31. Kg3 Qg1+ 32. Kh4 h6 0-1

[Event "Amager Klubmesterskab 2011"]
[Site "Sundbyoster"]
[Date "2011.02.15"]
[Round "3"]
[White "Lunding, Peter M"]
[Black "Foss, Kim"]
[Result "1-0"]
[WhiteElo "1939"]
[BlackElo "1450"]
[PlyCount "113"]
[EventDate "2011.??.??"]

1. d4 d5 2. Nf3 Nf6 3. Bg5 Ne4 4. Bh4 g6 5. e3 Bg7 6. Nbd2 Bg4 7. Be2 Nxd2 8.
Qxd2 O-O 9. h3 Bxf3 10. Bxf3 c6 11. O-O Nd7 12. Qb4 Re8 13. Qxb7 Qc8 14. Qxc8
Raxc8 15. c3 e6 16. Rfc1 c5 17. Bg3 c4 18. b4 Bf8 19. Bd1 f6 20. f3 Bh6 21. Bf4
Bxf4 22. exf4 f5 23. Ba4 Rc7 24. Rc2 Re7 25. Bxd7 Rcxd7 26. Kf2 Kf7 27. Ke3 h5
28. Rg1 Kf6 29. h4 Rd6 30. a4 Rd8 31. Kd2 Rb7 32. Rb1 Ke7 33. Kc1 Kd7 34. Kb2
Rdb8 35. Ka3 a6 36. Rcb2 Kc6 37. g3 Rb6 38. Rg1 R6b7 39. g4 Rh8 40. gxf5 gxf5
41. Rg6 Re7 42. Rbg2 Kd6 43. R2g5 Rf7 44. Rg8 Rhh7 45. Ra8 Ra7 46. Rxa7 Rxa7
47. Rxh5 Rg7 48. Rg5 Rh7 49. h5 Ke7 50. a5 Kf6 51. b5 axb5 52. Kb4 Ra7 53. Kxb5
Rb7+ 54. Kc6 Rb3 55. h6 Rb8 56. h7 Rh8 57. Rh5 1-0

[Event "Amager Klubmesterskab 2011"]
[Site "Sundbyoster"]
[Date "2011.03.01"]
[Round "3"]
[White "Nielsen, Bjorn"]
[Black "Hansen, Benny"]
[Result "1-0"]
[WhiteElo "1124"]
[BlackElo "1407"]
[PlyCount "103"]
[EventDate "2011.??.??"]

1. d4 Nf6 2. c4 d6 3. Nc3 e6 4. Nf3 Nbd7 5. e4 c5 6. d5 e5 7. Bd3 Be7 8. O-O
O-O 9. Bg5 Ng4 10. Bxe7 Qxe7 11. h3 Ngf6 12. Nh2 Re8 13. b3 Nf8 14. Qd2 Ng6 15.
Nf3 Nf4 16. Ne2 N6h5 17. Ng3 Qf6 18. Kh2 Nxg3 19. fxg3 Ng6 20. Ng1 Qe7 21. Qe3
Bd7 22. a4 a5 23. Be2 Rf8 24. Rf2 f6 25. Bh5 Be8 26. Raf1 Nh8 27. Bxe8 Qxe8 28.
Qc3 Nf7 29. Nf3 b6 30. Nh4 Ng5 31. Qd3 Ra7 32. Nf5 Qd8 33. h4 Nf7 34. Qf3 Nh8
35. h5 g6 36. Qg4 Rff7 37. Nh6+ Kf8 38. Nxf7 Rxf7 39. Qe6 f5 40. exf5 Qg5 41.
Qxd6+ Kg7 42. f6+ Kh6 43. Rf3 Qxh5+ 44. Kg1 e4 45. Re3 Qg4 46. Qf4+ Qg5 47.
Qh4+ Qh5 48. Qxh5+ Kxh5 49. Rxe4 g5 50. Re7 Kg6 51. Re6 Rd7 52. f7+ 1-0

[Event "Amager Klubmesterskab 2011"]
[Site "Sundbyoster"]
[Date "2011.02.15"]
[Round "3"]
[White "Nielsen, Mogens Bach"]
[Black "Mielow, Bjarne"]
[Result "1-0"]
[WhiteElo "1846"]
[BlackElo "1630"]
[PlyCount "51"]
[EventDate "2011.??.??"]

1. b4 Nf6 2. Bb2 g6 3. Bxf6 exf6 4. a3 Bg7 5. Nf3 O-O 6. e3 b6 7. d4 Bb7 8.
Nbd2 Re8 9. Bd3 d6 10. O-O Nd7 11. c4 c5 12. bxc5 dxc5 13. d5 Ne5 14. Nxe5 Rxe5
15. e4 Bc8 16. f4 Re8 17. Rb1 f5 18. exf5 Re3 19. Rf3 Rxf3 20. Nxf3 Qf6 21.
fxg6 Qxf4 22. gxh7+ Kh8 23. Qc1 Qf6 24. Qg5 Qd6 25. Re1 Bd7 26. Qe7 1-0

[Event "Amager Klubmesterskab 2011"]
[Site "Sundbyoster"]
[Date "2011.02.23"]
[Round "3"]
[White "Petersen, Nils"]
[Black "Mejer, Bjarne Faldt"]
[Result "1-0"]
[WhiteElo "1997"]
[BlackElo "1757"]
[PlyCount "59"]
[EventDate "2011.??.??"]

1. c4 Nf6 2. g3 c6 3. Bg2 d5 4. Nf3 Bf5 5. O-O e6 6. b3 Nbd7 7. Bb2 Bd6 8. d3
O-O 9. Nbd2 h6 10. Qc2 e5 11. e4 Bh7 12. b4 Qe7 13. c5 Bc7 14. Rae1 d4 15. Nb3
a5 16. a3 Rfc8 17. Bc1 axb4 18. axb4 b6 19. Bd2 bxc5 20. bxc5 Rab8 21. Rb1 Rb5
22. Rfc1 Rcb8 23. Be1 Kh8 24. Nfd2 Bg8 25. Ra1 Ne8 26. Ra3 f6 27. Bh3 Nxc5 28.
Nxc5 Bd6 29. Ndb3 Rxb3 30. Rxb3 1-0

[Event "Amager Klubmesterskab 2011"]
[Site "Sundbyoster"]
[Date "2011.02.15"]
[Round "3"]
[White "Pommerencke, Lars"]
[Black "Tronning, Mark Philip"]
[Result "1-0"]
[WhiteElo "1511"]
[BlackElo "1416"]
[PlyCount "67"]
[EventDate "2011.??.??"]

1. e4 c5 2. Nf3 d6 3. d4 cxd4 4. Nxd4 e5 5. Nf3 a6 6. a3 Nf6 7. Nc3 Be7 8. h3
O-O 9. Bg5 Be6 10. Bxf6 Bxf6 11. Nd5 Nd7 12. Nxf6+ Nxf6 13. Ng5 Rc8 14. Nxe6
fxe6 15. Bd3 Qb6 16. O-O d5 17. Qe2 d4 18. b4 Rc3 19. Rfb1 Rfc8 20. a4 Qd6 21.
a5 Nd7 22. b5 axb5 23. Rxb5 Nc5 24. Rb6 Rc6 25. Bb5 Rxb6 26. axb6 h6 27. Ra8+
Kh7 28. Be8 Nd7 29. Qh5 Nf8 30. Qf7 Rxc2 31. Ra7 Rxf2 32. Kxf2 Qxb6 33. Rxb7
d3+ 34. Rxb6 1-0

[Event "Amager Klubmesterskab 2011"]
[Site "Sundbyoster"]
[Date "2011.02.15"]
[Round "3"]
[White "Svensson, John Michael"]
[Black "Jensen, Ole Yde"]
[Result "0-1"]
[WhiteElo "1492"]
[BlackElo "1553"]
[PlyCount "76"]
[EventDate "2011.??.??"]

1. d4 d5 2. Nf3 Nf6 3. c4 c6 4. e3 Bg4 5. cxd5 cxd5 6. Bb5+ Nc6 7. Nc3 e6 8.
O-O Bd6 9. h3 Bh5 10. Re1 O-O 11. a3 Ne4 12. Bd3 f5 13. Be2 Rc8 14. Nb5 Bb8 15.
Nd2 Bf7 16. Nxe4 fxe4 17. Bg4 a6 18. Nc3 Ne7 19. Qb3 b5 20. Bd2 Rc6 21. Na2 e5
22. Nb4 Rf6 23. Rf1 Qd6 24. g3 h5 25. Be2 Qd7 26. Kg2 h4 27. Be1 hxg3 28. f3
Bh5 29. Qd1 exf3+ 30. Bxf3 Bxf3+ 31. Rxf3 Rxf3 32. Nxa6 Bd6 33. Nc5 Qf5 34. e4
dxe4 35. Qe2 e3 36. Nd3 e4 37. Ne5 Bxe5 38. dxe5 Ng6 0-1

[Event "Amager Klubmesterskab 2011"]
[Site "Sundbyoster"]
[Date "2011.03.08"]
[Round "4"]
[White "Brorsen, Jacob Abildlund"]
[Black "Petersen, Nils"]
[Result "1-0"]
[WhiteElo "2055"]
[BlackElo "1997"]
[PlyCount "91"]
[EventDate "2011.??.??"]

1. d4 Nf6 2. c4 e6 3. Nc3 Bb4 4. f3 d5 5. Bg5 h6 6. Bh4 c5 7. a3 Bxc3+ 8. bxc3
cxd4 9. cxd4 Qa5+ 10. Qd2 Qxd2+ 11. Kxd2 Nc6 12. e3 Bd7 13. Rb1 b6 14. Bd3 O-O
15. Ne2 Rfc8 16. Bxf6 gxf6 17. cxd5 exd5 18. Nf4 Be6 19. g4 Kf8 20. Rhg1 Na5
21. Rgc1 Rxc1 22. Kxc1 Rc8+ 23. Kb2 Ke7 24. Rg1 Rc7 25. Rg3 Rc8 26. Rh3 Rh8 27.
Rh5 Kd6 28. h4 Nc6 29. g5 fxg5 30. hxg5 Rg8 31. gxh6 Ne7 32. h7 Rh8 33. Rh6 Kd7
34. Kc3 Bf5 35. Rh5 Bxd3 36. Kxd3 f5 37. Rh6 Ke8 38. Nh5 Kf7 39. e4 fxe4+ 40.
fxe4 dxe4+ 41. Kxe4 Ng6 42. Kf5 Nf8 43. Rc6 Nxh7 44. Rc7+ Kg8 45. Rg7+ Kf8 46.
Rxa7 1-0

[Event "Amager Klubmesterskab 2011"]
[Site "Sundbyoster"]
[Date "2011.03.29"]
[Round "4"]
[White "Bekker Jensen, Morten Breinholdt"]
[Black "Foss, Kim"]
[Result "1-0"]
[WhiteElo "1890"]
[BlackElo "1450"]
[PlyCount "73"]
[EventDate "2011.??.??"]

1. d4 d5 2. Nf3 Nf6 3. Bg5 Bg4 4. Ne5 Bh5 5. Nd2 Nbd7 6. Nxd7 Qxd7 7. g3 h6 8.
Bf4 e6 9. Bg2 c5 10. Nf3 Bxf3 11. Bxf3 cxd4 12. Qxd4 Bd6 13. O-O Bxf4 14. Qxf4
O-O 15. Rfd1 Rac8 16. Rac1 Rc4 17. Qxc4 dxc4 18. Rxd7 Nxd7 19. Bxb7 Rb8 20. Ba6
Rxb2 21. Bxc4 Nc5 22. Kf1 Ne4 23. Ke1 Nc3 24. Kd2 Ne4+ 25. Ke3 Nc5 26. Kd4 Na4
27. Bb3 e5+ 28. Kc4 Rxb3 29. axb3 Nb6+ 30. Kb5 Kf8 31. Ka6 Nd5 32. c4 Nb4+ 33.
Kxa7 Ke7 34. Kb7 Na2 35. Rc2 Nb4 36. Rd2 f5 37. Kb6 1-0

[Event "Amager Klubmesterskab 2011"]
[Site "Sundbyoster"]
[Date "2011.03.08"]
[Round "4"]
[White "Brorsen, Kristian"]
[Black "Kinch, Peder"]
[Result "0-1"]
[WhiteElo "1200"]
[BlackElo "1228"]
[PlyCount "68"]
[EventDate "2011.??.??"]

1. d4 b6 2. Nc3 Bb7 3. Bf4 d6 4. Nf3 g6 5. e4 Bg7 6. Bb5+ c6 7. Ba4 Nd7 8. O-O
Ngf6 9. e5 Nh5 10. Bg5 dxe5 11. Re1 f6 12. Bh4 O-O 13. dxe5 g5 14. Nd4 Nc5 15.
Bxc6 Bxc6 16. Nxc6 Qxd1 17. Raxd1 gxh4 18. Nxe7+ Kh8 19. Rd4 fxe5 20. Rxh4 Rf7
21. Ncd5 Nf6 22. Ng6+ Kg8 23. Nge7+ Rxe7 24. Nxe7+ Kf7 25. Nc6 e4 26. Rf4 Rc8
27. Ne5+ Ke6 28. Nc4 b5 29. Ne3 Na4 30. b3 Nc3 31. Nf5 Bf8 32. f3 Ke5 33.
Rfxe4+ Ncxe4 34. fxe4 Nxe4 0-1

[Event "Amager Klubmesterskab 2011"]
[Site "Sundbyoster"]
[Date "2011.03.01"]
[Round "4"]
[White "Carstensen, Jacob"]
[Black "Lunding, Peter M"]
[Result "1-0"]
[WhiteElo "2325"]
[BlackElo "1939"]
[PlyCount "57"]
[EventDate "2011.??.??"]

1. d4 d5 2. c4 e6 3. Nf3 Nf6 4. Nc3 c6 5. Bg5 Nbd7 6. cxd5 exd5 7. e3 Be7 8.
Bd3 h6 9. Bf4 Nh5 10. Qc2 Nxf4 11. exf4 Bd6 12. Ne5 Qf6 13. Ne2 Bb4+ 14. Kf1
Nxe5 15. fxe5 Qd8 16. f4 Bg4 17. Bf5 Bxf5 18. Qxf5 O-O 19. h4 Qc7 20. Rh3 Rae8
21. Rd1 Re7 22. a3 Ba5 23. Rdd3 Qc8 24. Ng3 Qxf5 25. Nxf5 Rc7 26. Rhg3 f6 27.
e6 Kh7 28. e7 Rg8 29. Rxg7+ 1-0

[Event "Amager Klubmesterskab 2011"]
[Site "Sundbyoster"]
[Date "2011.03.08"]
[Round "4"]
[White "Friis, Jordy"]
[Black "Luedeking, John"]
[Result "1-0"]
[WhiteElo "1530"]
[BlackElo "1658"]
[PlyCount "52"]
[EventDate "2011.??.??"]

1. d4 Nf6 2. c4 g6 3. Nc3 Bg7 4. e4 d6 5. Be2 O-O 6. Bg5 Na6 7. Qd2 c5 8. d5
Qa5 9. Nf3 Nc7 10. O-O Bd7 11. e5 dxe5 12. Nxe5 Rad8 13. f4 b5 14. b3 b4 15.
Nd1 Ne4 16. Qe3 Nxg5 17. fxg5 Ne8 18. Nf2 Qc7 19. Nfd3 Bf5 20. Rae1 Bxd3 21.
Bxd3 Nd6 22. Kh1 Bxe5 23. Qxe5 Rde8 24. Rf3 e6 25. Ref1 exd5 26. Qxd5 Qe7 1-0

[Event "Amager Klubmesterskab 2011"]
[Site "Sundbyoster"]
[Date "2011.03.08"]
[Round "4"]
[White "Gram, Mathias Laerkegaard"]
[Black "Larsen, Knud"]
[Result "1/2-1/2"]
[WhiteElo "1430"]
[BlackElo "1678"]
[PlyCount "45"]
[EventDate "2011.??.??"]

1. e4 e6 2. d4 d5 3. Nd2 Nf6 4. exd5 exd5 5. Ngf3 Bf5 6. c3 Bd6 7. Be2 O-O 8.
O-O Nbd7 9. Nh4 Be6 10. Re1 Ne4 11. Ndf3 g5 12. Nxg5 Nxg5 13. g3 Ne4 14. Bd3
Nef6 15. Bg5 Be7 16. Nf5 Bxf5 17. Bxf5 Re8 18. Qf3 Nf8 19. Re3 Ng6 20. Bxf6
Bxf6 21. Rxe8+ Qxe8 22. Bxg6 hxg6 23. Qxf6 1/2-1/2

[Event "Amager Klubmesterskab 2011"]
[Site "Sundbyoster"]
[Date "2011.03.08"]
[Round "4"]
[White "Hansen, Benny"]
[Black "Svensson, John Michael"]
[Result "1/2-1/2"]
[WhiteElo "1407"]
[BlackElo "1492"]
[PlyCount "85"]
[EventDate "2011.??.??"]

1. e4 d6 2. Nf3 Nf6 3. Nc3 Bg4 4. d3 Nc6 5. Be2 g6 6. Be3 Bg7 7. Qd2 a6 8. h3
Bxf3 9. Bxf3 e5 10. Bg5 h6 11. Be3 Nd4 12. Ne2 c5 13. Bxd4 cxd4 14. c3 dxc3 15.
Nxc3 O-O 16. g4 Nh7 17. h4 Rc8 18. Nd5 Re8 19. Qb4 b5 20. Kd2 Rc5 21. Rac1 a5
22. Qb3 Qc8 23. Rxc5 Qxc5 24. Ke2 Bf8 25. Qc3 b4 26. Qc4 Rc8 27. Rc1 g5 28. b3
Kg7 29. Nb6 Rc7 30. Qxc5 Rxc5 31. Rxc5 dxc5 32. hxg5 Nxg5 33. Nd5 Ne6 34. Kd2
Bd6 35. Ne3 Bc7 36. Bd1 Nd4 37. Nf5+ Nxf5 38. gxf5 Kf6 39. Bh5 Bd8 40. Ke3 Bc7
41. Kf3 Bd6 42. Kg4 Bf8 43. Kh4 1/2-1/2

[Event "Amager Klubmesterskab 2011"]
[Site "Sundbyoster"]
[Date "2011.03.08"]
[Round "4"]
[White "Jensen, Ole Yde"]
[Black "Nielsen, Mogens Bach"]
[Result "0-1"]
[WhiteElo "1553"]
[BlackElo "1846"]
[PlyCount "118"]
[EventDate "2011.??.??"]

1. f4 d5 2. Nf3 g6 3. e3 Bg7 4. d4 Bg4 5. Be2 Bxf3 6. Bxf3 Nf6 7. O-O O-O 8.
Bd2 a5 9. Be1 c6 10. Nd2 b5 11. Bh4 Nbd7 12. c3 Qc7 13. Rc1 e6 14. Be2 a4 15.
Nf3 Ne4 16. Ne5 f6 17. Ng4 f5 18. Nf2 Ndf6 19. Nh3 Qd7 20. Rc2 c5 21. Bd3 c4
22. Bxe4 Nxe4 23. Nf2 Nxf2 24. Rcxf2 Ra7 25. g4 fxg4 26. Qxg4 Qf7 27. Qg2 Qf5
28. Re2 Qe4 29. Qxe4 dxe4 30. Rg2 Rf5 31. Bd8 Rd7 32. Bb6 Bf8 33. a3 Rb7 34.
Ba5 Ra7 35. Bd8 Be7 36. Bxe7 Rxe7 37. Rg5 Kg7 38. Rd1 h6 39. Rxf5 gxf5 40. d5
Rd7 41. d6 Kf6 42. Kf2 e5 43. Rd5 exf4 44. exf4 Ke6 45. Re5+ Kf6 46. Rxb5 Rxd6
47. Ke2 Rd3 48. Rb6+ Kg7 49. Rb4 Rh3 50. Rxc4 Rxh2+ 51. Ke3 Rxb2 52. Rxa4 Kg6
53. c4 Rb3+ 54. Kd2 e3+ 55. Ke2 Kh5 56. c5 Rc3 57. Ra5 Kg4 58. Ra4 h5 59. c6 h4
0-1

[Event "Amager Klubmesterskab 2011"]
[Site "Sundbyoster"]
[Date "2011.03.08"]
[Round "4"]
[White "Johansen, Erik"]
[Black "Jensen, Jonbert"]
[Result "0-1"]
[WhiteElo "1589"]
[BlackElo "1355"]
[PlyCount "29"]
[EventDate "2011.??.??"]

1. e4 d6 2. d4 Nf6 3. Nc3 g6 4. Bd3 Bg7 5. Qf3 c6 6. Be3 Qb6 7. O-O-O O-O 8. e5
Ne8 9. Bf4 Be6 10. Nge2 Nd7 11. exd6 Nxd6 12. Bxd6 exd6 13. Qf4 Nf6 14. h4 d5
15. f3 0-1

[Event "Amager Klubmesterskab 2011"]
[Site "Sundbyoster"]
[Date "2011.03.08"]
[Round "4"]
[White "Larsen, Ulrik Jejlskov"]
[Black "Pommerencke, Lars"]
[Result "0-1"]
[WhiteElo "1517"]
[BlackElo "1511"]
[PlyCount "138"]
[EventDate "2011.??.??"]

1. d4 d5 2. e3 Nf6 3. Nf3 Bg4 4. Nbd2 Nbd7 5. c4 e6 6. Qb3 Rb8 7. Bd3 c6 8. O-O
Bd6 9. e4 dxe4 10. Nxe4 Nxe4 11. Bxe4 Nf6 12. Bc2 Bh5 13. Bg5 Bg6 14. Ne5 Be7
15. Rad1 Qb6 16. Qxb6 axb6 17. Nxg6 hxg6 18. Bf4 Rd8 19. Bc7 Rd7 20. Bxb6 Bd6
21. h3 g5 22. Rfe1 Kf8 23. Bc5 Bxc5 24. dxc5 Rxd1 25. Rxd1 Ke7 26. a4 g4 27.
Rd3 gxh3 28. Rxh3 Rxh3 29. gxh3 Nd7 30. b4 Kf8 31. Kf1 Ne5 32. Bb3 Nd3 33. b5
Nxc5 34. Bc2 b6 35. Ke2 Ke7 36. Ke3 cxb5 37. cxb5 Nb7 38. Kd4 Kd6 39. f4 f6 40.
h4 Na5 41. Be4 Nb3+ 42. Kc3 Nc5 43. Bc2 e5 44. fxe5+ Kxe5 45. Kb4 Nb7 46. Kc4
Na5+ 47. Kd3 Kf5 48. Kd4+ Kg4 49. Ke4 Kxh4 50. Kf5 g5 51. Kxf6 g4 52. Ke6 Nb7
53. Kd5 Na5 54. Be4 Kg3 55. Kd6 Kf2 56. Kc7 Nc4 57. Bd5 g3 58. Bxc4 g2 59. Kxb6
g1=Q 60. Bd5 Kg3+ 61. Ka6 Qc5 62. Bc6 Kf4 63. a5 Ke5 64. Kb7 Qe7+ 65. Kb6 Kd6
66. Bh1 Qd8+ 67. Ka6 Kc7 68. b6+ Kb8 69. Bg2 Qd3# 0-1

[Event "Amager Klubmesterskab 2011"]
[Site "Sundbyoster"]
[Date "2011.03.08"]
[Round "4"]
[White "Madsen, Palle"]
[Black "Dupont, Michael Kim"]
[Result "1-0"]
[WhiteElo "1882"]
[BlackElo "1159"]
[PlyCount "39"]
[EventDate "2011.??.??"]

1. e4 e5 2. Nf3 Nc6 3. Bc4 Nf6 4. Qe2 Bc5 5. d3 a6 6. a4 d6 7. Be3 Bxe3 8. fxe3
Bg4 9. Nc3 Qd7 10. O-O Ne7 11. Qf2 Ng6 12. b4 Bxf3 13. Qxf3 O-O 14. b5 axb5 15.
axb5 Rxa1 16. Rxa1 b6 17. h3 Kh8 18. Qf5 Ne7 19. Qxd7 Nxd7 20. Ra7 1-0

[Event "Amager Klubmesterskab 2011"]
[Site "Sundbyoster"]
[Date "2011.03.08"]
[Round "4"]
[White "Mielow, Bjarne"]
[Black "Larsen, Kim"]
[Result "0-1"]
[WhiteElo "1630"]
[BlackElo "1544"]
[PlyCount "116"]
[EventDate "2011.??.??"]

1. e4 c5 2. Nf3 Nc6 3. d4 cxd4 4. Nxd4 Nf6 5. Nxc6 bxc6 6. Bd3 g6 7. O-O Bg7 8.
c3 Qb6 9. Nd2 Ba6 10. Nc4 Bxc4 11. Bxc4 Nxe4 12. Qe2 Nd6 13. Bb3 Qb5 14. Qg4
Qf5 15. Qe2 Qe4 16. Qd2 O-O 17. Re1 Qh4 18. g3 Qf6 19. Qe2 Rfe8 20. h4 h6 21.
Bf4 Nf5 22. Qd2 d6 23. Bc2 Kh7 24. Re2 e5 25. Rae1 Red8 26. Bxf5 Qxf5 27. Be3
d5 28. Bc5 Qe6 29. Bd4 f6 30. Bc5 Rd7 31. Qc2 h5 32. Rf1 Qf7 33. Qa4 Qe6 34.
Kg2 f5 35. f3 Rb8 36. Qc2 Rdb7 37. b3 e4 38. f4 a5 39. Rd1 Rb5 40. b4 axb4 41.
cxb4 Rd8 42. a4 Rbb8 43. Qb3 Bf8 44. Qc3 Bxc5 45. Qxc5 Qd6 46. Qxd6 Rxd6 47.
Rb2 d4 48. Kf2 Kg7 49. Rc1 Kf6 50. Rc5 Ke6 51. a5 Kd7 52. a6 Ra8 53. Ra2 d3 54.
Ke3 d2 55. Rxd2 Rxd2 56. Kxd2 Rxa6 57. b5 cxb5 58. Rxb5 Ra3 0-1

[Event "Amager Klubmesterskab 2011"]
[Site "Sundbyoster"]
[Date "2011.03.08"]
[Round "4"]
[White "Nielsen, Bjorn"]
[Black "Tronning, Mark Philip"]
[Result "0-1"]
[WhiteElo "1124"]
[BlackElo "1416"]
[PlyCount "113"]
[EventDate "2011.??.??"]

1. d4 d5 2. Nc3 c6 3. e3 Nf6 4. Nf3 Bg4 5. Be2 Nbd7 6. O-O Qc7 7. h3 Bh5 8. Nh2
Bxe2 9. Nxe2 e6 10. Ng3 Bd6 11. f4 h5 12. Nf3 h4 13. Ne2 Ne4 14. c3 O-O-O 15.
Ne5 Ndf6 16. Bd2 Bxe5 17. dxe5 Nh5 18. Be1 Qe7 19. Bf2 Rdg8 20. Qe1 Nxf2 21.
Qxf2 f5 22. Rfd1 g5 23. Kf1 g4 24. Ke1 g3 25. Qf1 Ng7 26. Rac1 Rd8 27. a3 Qc5
28. Rd4 Kb8 29. Qg1 Qb6 30. Rc2 c5 31. Rdd2 Ne8 32. Kd1 Nc7 33. Nc1 c4 34. Qe1
Na6 35. Na2 Nc5 36. Nc1 Ne4 37. Re2 Nf2+ 38. Rxf2 gxf2 39. Qxf2 Rdg8 40. Ne2
Rg7 41. Qf1 Rhg8 42. Nd4 Rg3 43. Re2 Kc7 44. Nf3 Qb3+ 45. Kc1 Qa2 46. Kc2 Qb3+
47. Kb1 Rh8 48. Ng5 Kd7 49. Qc1 Rg8 50. Qc2 Qb6 51. Qa4+ Ke7 52. Qd1 Rxe3 53.
Rxe3 Qxe3 54. Qf1 b5 55. a4 bxa4 56. Ka2 Qb6 57. Qf2 0-1

[Event "Amager Klubmesterskab 2011"]
[Site "Sundbyoster"]
[Date "2011.03.08"]
[Round "4"]
[White "Raad, Mads Bonde"]
[Black "Gade, Jens"]
[Result "0-1"]
[WhiteElo "1000"]
[BlackElo "1237"]
[PlyCount "50"]
[EventDate "2011.??.??"]

1. d4 Nf6 2. c4 d5 3. e3 c6 4. Nf3 Bg4 5. b3 Nbd7 6. Bb2 e6 7. Nbd2 Ne4 8. a3
Nxd2 9. Qxd2 Bxf3 10. gxf3 Be7 11. Bg2 Bg5 12. Qb4 Qc7 13. e4 a5 14. Qc3 O-O
15. cxd5 exd5 16. exd5 Rfe8+ 17. Kf1 Rac8 18. dxc6 Qxc6 19. Qxa5 Qc2 20. Qxg5
Qxb2 21. Bh3 Qxa1+ 22. Kg2 Qxd4 23. Qb5 Rc2 24. Kg3 Qxf2+ 25. Kg4 Nf6+ 0-1

[Event "Amager Klubmesterskab 2011"]
[Site "Sundbyoster"]
[Date "2011.03.08"]
[Round "4"]
[White "Sorensen, Johnny"]
[Black "Mejer, Bjarne Faldt"]
[Result "0-1"]
[WhiteElo "1244"]
[BlackElo "1757"]
[PlyCount "44"]
[EventDate "2011.??.??"]

1. d4 d5 2. c4 e5 3. e3 exd4 4. exd4 Nf6 5. Nc3 Bb4 6. f3 O-O 7. Bd3 Nc6 8.
Nge2 Be6 9. c5 b6 10. a3 Bxc3+ 11. bxc3 bxc5 12. Bg5 Rb8 13. dxc5 Qe7 14. Be3
Bh3 15. Bf2 Bxg2 16. Rg1 Bxf3 17. Kf1 Ne4 18. Be3 Rb2 19. Bc2 Ng3+ 20. Kf2 Bxe2
21. Qc1 Rfb8 22. Kxg3 Rxc2 0-1

[Event "Amager Klubmesterskab 2011"]
[Site "Sundbyoster"]
[Date "2011.03.29"]
[Round "5"]
[White "Brorsen, Jacob Abildlund"]
[Black "Carstensen, Jacob"]
[Result "1/2-1/2"]
[WhiteElo "2055"]
[BlackElo "2325"]
[PlyCount "49"]
[EventDate "2011.??.??"]

1. d4 Nf6 2. Nf3 e6 3. g3 d5 4. Bg2 c5 5. O-O Nc6 6. c4 dxc4 7. Qa4 cxd4 8. Ne5
Bd7 9. Nxc6 bxc6 10. Qxc4 Qb6 11. e3 Bc5 12. exd4 Bxd4 13. Nc3 Qc5 14. Qd3 e5
15. Ne2 O-O 16. b4 Qb6 17. Nxd4 exd4 18. Bb2 Rfd8 19. Qxd4 Qxd4 20. Bxd4 Nd5
21. b5 Be8 22. bxc6 Bxc6 23. Rfc1 Ne7 24. Bxc6 Nxc6 25. Rxc6 1/2-1/2

[Event "Amager Klubmesterskab 2011"]
[Site "Sundbyoster"]
[Date "2011.03.15"]
[Round "5"]
[White "Bekker Jensen, Morten Breinholdt"]
[Black "Friis, Jordy"]
[Result "1/2-1/2"]
[WhiteElo "1890"]
[BlackElo "1530"]
[PlyCount "51"]
[EventDate "2011.??.??"]

1. d4 d5 2. Nf3 Nf6 3. Bg5 c5 4. e3 e6 5. c3 Nc6 6. Nbd2 Be7 7. Bd3 Qc7 8. O-O
e5 9. dxe5 Nxe5 10. Nxe5 Qxe5 11. Bf4 Qe6 12. Re1 O-O 13. c4 Qb6 14. Qc2 Be6
15. cxd5 Bxd5 16. e4 Be6 17. h3 h6 18. Be3 Rac8 19. f4 Bd7 20. Rad1 Bb5 21.
Bxb5 Qxb5 22. b3 Rfd8 23. Nc4 Qc6 24. e5 Nd5 25. Bc1 b5 26. Nb2 1/2-1/2